Missing Word: Famous Italians Quiz Stats

 Plays Quiz Updated Dec 5, 2014

Challenge
Share
Tweet
Embed
Score 0/30 Timer 04:00
0 Plays Today
NAME ANSWER % Correct
_____ da VinciLeonardo
95.7%
Christopher _____Columbus
91.9%
Marco _____Polo
90%
Julius _____Caesar
88.6%
_____ AntonyMark
88.4%
_____ MussoliniBenito
82.1%
_____ LorenSophia
81.3%
_____ of AssisiFrancis
80.6%
_____ GalileiGalileo
80%
_____ VespucciAmerigo
76.9%
Luciano _____Pavarotti
76.8%
Enzo _____Ferrari
66.9%
_____ BocelliAndrea
66.1%
_____ BuonarrotiMichelangelo
64.1%
Antonio _____Vivaldi
58.3%
NAME ANSWER % Correct
Giuseppe _____Verdi
56.8%
Guglielmo _____Marconi
56.1%
Enrico _____Fermi
54%
Federico _____Fellini
50.8%
Niccolò _____Machiavelli
50.4%
Catherine de' _____Medici
46.3%
_____ EcoUmberto
43.1%
_____ BenigniRoberto
42.6%
Sandro _____ Botticelli
42.6%
_____ LeoneSergio
42.5%
_____ BerlusconiSilvio
40.6%
_____ the ElderPliny
39.8%
Alessandro _____Volta
31.8%
_____ BuffonGianluigi
21.8%
Gioachino _____Rossini
16.3%

Today's Daily Dose

Missing Word
Britpop Albums

Word Ladder
Sing It!

On This Day
December 14th II

You're not logged in!

Compare scores with friends on all Sporcle quizzes.
OR
Log In

You Might Also Like...

Show Comments

Extras

Top Quizzes Today


Score Distribution

Your Account Isn't Verified!

In order to create a playlist on Sporcle, you need to verify the email address you used during registration. Go to your Sporcle Settings to finish the process.

Report this User

Report this user for behavior that violates our Community Guidelines.

Details: